000 01083nam a2200289 i 4500
005 20260317141734.0
008 260311t20252025my gr o001 0bmay d
020 _a9786294901926
_cRM37.00
_qpaperback
040 _aPPAK
_beng
_cPPAK
_erda
082 0 4 _223
_a378.2
090 0 0 _a378.2
_bMOH
_dG
100 0 _aMohammad Ashraf Abdul Rahman,
_eauthor.
245 1 0 _aPh.D untuk Part-timers :
_bBuat Separuh Masa, Bukan Buat Separuh Jalan, Buat Dengan Sepenuh Hati /
_cMohammad Ashraf Abdul Rahman, Mariah Awang
264 1 _aBatu Pahat, Johor :
_bPenerbit UTHM, Universiti Tun Hussein Onn Malaysia,
_c2025
300 _axi, 82 pages ;
_c23 cm
336 _atext
_2rdacontent
337 _aunmediated
_2rdamedia
338 _avolume
_2rdacarrier
500 _aIncludes index.
500 _aIncludes questions and answers.
650 1 0 _aDoctor of philosophy degree
650 2 0 _aDoctoral students
650 2 0 _aPart-time students
650 2 0 _aGovernment publications
_zMalaysia
700 0 _aMariah Awang,
_d1970-
_eauthor.
942 _2ddc
_cB
999 _c203418
_d203418